Mzdy v regióne V4 rastú rekordnými tempami. Aj to môže podporiť digitalizáciu a budúci rast produktivity

V priebehu roka 2018 sa frekventovane objavovali komentáre k zrýchlenému rastu miezd. Nedostatok pracovnej sily a s tým súvisiace zrýchlenie rastu miezd sa stalo ekonomickou top - témou. Táto tendencia môže napomôcť aj budúcemu rastu produktivity či posilniť tendenciu k automatizácii a digitalizácii...

ver descrição completa

Na minha lista:
Detalhes bibliográficos
Autor principal: Morvay, Karol, 1973-
Formato: Capítulo de Livro
Idioma:eslovaco
Assuntos:
Tags: Adicionar Tag
Sem tags, seja o primeiro a adicionar uma tag!

MARC

LEADER 00000naa a2200000 4500
001 0249673
005 20240502074008.5
041 0 |a slo 
044 |a SK 
245 1 0 |a Mzdy v regióne V4 rastú rekordnými tempami. Aj to môže podporiť digitalizáciu a budúci rast produktivity  |c Karol Morvay 
520 |a V priebehu roka 2018 sa frekventovane objavovali komentáre k zrýchlenému rastu miezd. Nedostatok pracovnej sily a s tým súvisiace zrýchlenie rastu miezd sa stalo ekonomickou top - témou. Táto tendencia môže napomôcť aj budúcemu rastu produktivity či posilniť tendenciu k automatizácii a digitalizácii. Niekoľko komentárov k rastu mzdovej hladiny. 
610 2 0 |a sily pracovné 
610 2 0 |a Vyšehradská štvorka 
610 2 0 |a mzdy 
610 2 0 |a odmeňovanie 
610 2 0 |a digitalizácia 
610 2 0 |a zamestnanci 
100 1 |a Morvay, Karol, 1973-